| 000 | 01181cam a22003254a 4500 | ||
|---|---|---|---|
| 001 | 13646116 | ||
| 005 | 20170418111401.0 | ||
| 008 | 040706s2005 mau |rb 001 0 eng | ||
| 010 | _a 2004052974 | ||
| 020 | _a0631214895 (alk. paper) | ||
| 040 |
_aDLC _cDLC _dDLC |
||
| 042 | _apcc | ||
| 043 | _ae-gx--- | ||
| 050 | 0 | 0 |
_aHM477.G3 _bM39 2005 |
| 082 | 0 | 0 |
_a301.092 _222 _bWEB |
| 245 | 0 | 0 |
_aMax Weber : _bReadings and Commentary on Modernity / _cedited by Stephen Kalberg. |
| 246 | 3 | 0 | _aReadings and commentary on modernity |
| 260 |
_aMalden, MA : _bBlackwell Pub., 2005 _c2005. |
||
| 300 |
_axxxiii, 398 p. ; _c23 cm. |
||
| 490 |
_aModernity and Society ; _v3 |
||
| 504 | _aIncludes bibliographical references (p. [377]-382) and indexes. | ||
| 600 | 1 | 0 |
_aWeber, Max, _d1864-1920. _911113 |
| 650 | 0 |
_aSociology _xHistory. _911115 |
|
| 650 | 0 |
_aCivilization, Modern _xPhilosophy. _911116 |
|
| 650 | 0 |
_911114 _aSociology _zGermany _xHistory |
|
| 700 | 1 |
_aWeber, Max, _d1864-1920. _911117 |
|
| 700 | 1 |
_aKalberg, Stephen. _911118 |
|
| 942 |
_2ddc _cBB |
||
| 999 |
_c13316 _d13316 |
||